Ekonomický monitor stavu hospodárstva Slovenskej republiky = Monitor of the economy of the Slovak Republic [časť] 2

Na minha lista:
Detalhes bibliográficos
Formato: Periódico
Idioma:inglês
eslovaco
Publicado em: Bratislava Štatistický úrad Slovenskej republiky 1999
Assuntos:
Tags: Adicionar Tag
Sem tags, seja o primeiro a adicionar uma tag!

MARC

LEADER 00000nas2a2200000 4500
001 s123960
005 20231103122529.8
041 0 |a eng 
041 0 |a slo 
044 |a SK 
245 1 0 |a Ekonomický monitor stavu hospodárstva Slovenskej republiky = Monitor of the economy of the Slovak Republic  |b [časť] 2 
264 1 |a Bratislava  |b Štatistický úrad Slovenskej republiky  |c 1999 
300 |a 1 zv. 
773 0 |w eu_un_cat*s122020 
610 2 0 |a štatistika republiková 
610 2 0 |a hospodárstvo národné 
610 2 0 |a ukazovatele štatistické